000
00300nam a22001337a 4500
003
OSt
005
20220103143407.0
008
220103b |||||||| |||| 00| 0 eng d
020
_a
1861007248
040
_c
HU
082
_a
005.3
245
_a
Professinal ASP .NET XML With C#
942
_2
ddc
_c
BOOKS
_n
0
999
_c
25802
_d
25802